| 000 | 00540pab a2200169 454500 | ||
|---|---|---|---|
| 008 | 180718b2014 xxu||||| |||| 00| 0 eng d | ||
| 100 | _aKumar, Vipin | ||
| 245 |
_aRecent communal violence in West Uttar Pradesh: role of district administration on its control _b |
||
| 260 | _c2014 | ||
| 300 | _ap.393-402. | ||
| 362 | _aApr-Jun | ||
| 650 | _aDistrict administration - India - Uttar Pradesh | ||
| 650 | _aViolence - India - Uttar Pradesh | ||
| 650 | _aCommunalism | ||
| 773 | _aIndian Journal of Political Science | ||
| 909 | _a110119 | ||
| 999 |
_c110114 _d110114 |
||